Kỹ thuật phòng thí nghiệm T.3
Các kỹ thuật cơ bản trong phòng thí nghiệm vat lý, hoá học: kỹ thuật chưng cất, chiết, bay hơi và cô đặc, kết tinh, làm khô. Làm việc với các chất độc hại. Chữa cháy và cấp cứu trong phòng thí nghiệm
Spremljeno u:
| Glavni autor: | |
|---|---|
| Daljnji autori: | , , |
| Format: | Knjiga |
| Izdano: |
H.
Đại học và trung học chuyên nghiệp
1982
|
| Teme: | |
| Oznake: |
Dodaj oznaku
Bez oznaka, Budi prvi tko označuje ovaj zapis!
|
| Thư viện lưu trữ: | Mạng thư viện Đại học Đà Nẵng |
|---|
| LEADER | 01687nam a22004218a 4500 | ||
|---|---|---|---|
| 001 | 000008770 | ||
| 003 | 4962 | ||
| 005 | 20111020141048.0 | ||
| 008 | 111020s1982 b 000 0 od | ||
| 020 | |c 6500đ |d 7000b | ||
| 041 | 0 | |a dịch liên xô | |
| 082 | |a 542.1 |b VA-P | ||
| 084 | |a D |b K000ỹ | ||
| 100 | 1 | |a Vaxkrexenxki, P.I. | |
| 245 | 1 | 0 | |a Kỹ thuật phòng thí nghiệm |c P.I. Vaxkrexenxki; Trần Ngọc Mai, Lê Chí Kiên, Bùi Thế Phiệt dịch |n T.3 |
| 260 | |a H. |b Đại học và trung học chuyên nghiệp |c 1982 | ||
| 300 | |a 200tr.: minh hoạ |c 21cm | ||
| 505 | |a T.3 | ||
| 520 | |a Các kỹ thuật cơ bản trong phòng thí nghiệm vat lý, hoá học: kỹ thuật chưng cất, chiết, bay hơi và cô đặc, kết tinh, làm khô. Làm việc với các chất độc hại. Chữa cháy và cấp cứu trong phòng thí nghiệm | ||
| 653 | |a hoá học | ||
| 653 | |a Phòng thí nghiệm | ||
| 653 | |a phòng cháy chữa cháy | ||
| 653 | |a vật lí | ||
| 700 | 1 | |a Trần Ngọc Mai |e Dịch | |
| 700 | 1 | |a Bùi Thế Phiệt |e Dịch | |
| 700 | 1 | |a Lê Chí Kiên |e Dịch | |
| 773 | |t Kỹ thuật phòng thí nghiệm |w 4963 | ||
| 910 | |a Nguyễn Thị Kim Oanh |d 20/10/2011 | ||
| OWN | |a LSP | ||
| AVA | |a UDN50 |b LSP |d 542.1 VA-P |e available |t Error 5001 Not defined in file expand_doc_bib_avail. |f 2 |g 1 |h N |i 0 |k 1 | ||
| 999 | |a From the UDN01 | ||
| AVA | |a UDN50 |b LSP |d 542.1 VA-P |e available |t Error 5001 Not defined in file expand_doc_bib_avail. |f 2 |g 1 |h N |i 0 |k 1 | ||
| TYP | |a Monograph | ||
| TYP | |a Printed language | ||
| 980 | |a Mạng thư viện Đại học Đà Nẵng | ||